[Event "Michigan Amateur op"]
[Site "Kalamazoo"]
[Date "2004.10.23"]
[Round "1"]
[White "Sawant, Nishant"]
[Black "McComb, Zach"]
[Result "1-0"]
[WhiteElo "1665"]
[BlackElo "876"]
[PlyCount "81"]
[EventDate "2004.10.23"]
[EventType "swiss"]
[EventRounds "5"]
[EventCountry "USA"]
[SourceTitle "EXT 2007"]
[Source "ChessBase"]
[SourceDate "2006.11.23"]
[SourceVersion "1"]
[SourceVersionDate "2006.11.23"]
[SourceQuality "1"]

1. e4 c5 2. c3 d6 3. d4 cxd4 4. cxd4 Nf6 5. Nc3 e6 6. Bd3 h6 7. Nf3 d5 8. e5 Bb4 9. exf6 Bxc3+ 10. bxc3 Qxf6 11. Ba3 Nc6 12. Bb5 Bd7 13. Bxc6 Bxc6 14. Ne5 Bb5 15. Qb3 a6 16. Bc5 Qf5 17. f3 Qf4 18. c4 dxc4 19. Qc3 b6 20. Bxb6 0-0 21. a4 Be8 22. Bc5 Rd8 23. Rd1 Bxa4 24. Ra1 f6 25. Ng6 Qc7 26. Rxa4 Rfe8 27. 0-0 Qd7 28. Qxc4 Rc8 29. Rxa6 Kh7 30. Qd3 Kg8 31. Ra7 Qd8 32. Qa3 Kh7 33. Nf4 e5 34. Qd3+ Kg8 35. Qg6 Rc7 36. Rxc7 Qxc7 37. Qxe8+ Kh7 38. Qg6+ Kg8 39. Nh5 exd4 40. Nxf6+ Kh8 41. Qh7# 1-0

[Event "Michigan Amateur op"]
[Site "Kalamazoo"]
[Date "2004.10.23"]
[Round "2"]
[White "Scheller, Will"]
[Black "Sawant, Nishant"]
[Result "0-1"]
[WhiteElo "988"]
[BlackElo "1665"]
[PlyCount "112"]
[EventDate "2004.10.23"]
[EventType "swiss"]
[EventRounds "5"]
[EventCountry "USA"]
[SourceTitle "EXT 2007"]
[Source "ChessBase"]
[SourceDate "2006.11.23"]
[SourceVersion "1"]
[SourceVersionDate "2006.11.23"]
[SourceQuality "1"]

1. d4 Nf6 2. c4 g6 3. Nc3 Bg7 4. Nf3 0-0 5. e3 d6 6. Be2 Nbd7 7. 0-0 c5 8. b3 cxd4 9. Nxd4 a6 10. Bb2 Ne5 11. h3 Bd7 12. Na4 Bxa4 13. bxa4 Ne4 14. Rb1 Rb8 15. Bf3 Nc5 16. Ba3 Qc7 17. Bxc5 dxc5 18. Nb3 Nxc4 19. Rc1 Nb2 20. Rxc5 Qb6 21. Qd7 Rfd8 22. Qxe7 Bf8 23. Qe5 Bxc5 24. Qxc5 Nxa4 25. Qxb6 Nxb6 26. Nc5 Nd7 27. Nxb7 Rdc8 28. Nd6 Rc2 29. Bd5 Rd2 30. e4 Ne5 31. Bb3 Rxd6 32. f4 Nc6 33. e5 Rd2 34. f5 Nxe5 35. fxg6 hxg6 36. Re1 Rb5 37. g4 Nf3+ 38. Kf1 Nxe1 39. Kxe1 Rxb3 40. axb3 Rb2 41. Kd1 Rxb3 42. Kc2 Rxh3 43. g5 Rg3 44. Kd2 Rxg5 45. Kc3 Re5 46. Kd4 f6 47. Kd3 g5 48. Kd4 g4 49. Kd3 g3 50. Kd4 g2 51. Kd3 g1Q 52. Kd2 Qe1+ 53. Kc2 Re3 54. Kb2 Rc3 55. Ka2 Qd2+ 56. Kb1 Rc1# 0-1